Escritos sobre pintura

محفوظ في:
التفاصيل البيبلوغرافية
المؤلف الرئيسي: Michaux, Henri (autor)
التنسيق: كتاب
اللغة:الإسبانية
منشور في: Murcia Colegio Oficial de Aparejadores y Arquitectos Técnicos de la Región de Murcia 2007
الطبعة:1a. ed
سلاسل:Colección de Arquilectura, 40
الموضوعات:
الوسوم: إضافة وسم
لا توجد وسوم, كن أول من يضع وسما على هذه التسجيلة!

MARC

LEADER 00000cam a2200000 a 4500
001 UCE0670
003 CL-VaPUC
008 140227e20070000sp |||||||||||||||||spa|d
020 |a 9788489882119 
082 0 4 |a 709.04  |b MIC  |2 21 
100 |a Michaux, Henri  |e autor  |9 332740 
245 1 0 |a Escritos sobre pintura 
250 |a 1a. ed 
300 |a 230 p 
942 |c BK 
945 |d 20140227 11:27:00  |a dcastane 
260 |a Murcia  |b Colegio Oficial de Aparejadores y Arquitectos Técnicos de la Región de Murcia  |c 2007 
650 0 |a Filosofía del arte  |9 264951 
650 0 |a Historia del arte  |9 314877 
650 0 |a Pintura  |9 265046 
583 |a last modification  |c 20140227 11:27:00  |k Rodrigo Vera 
490 0 |a Colección de Arquilectura, 40 
999 |c 354732  |d 354730 
952 |0 0  |1 0  |3 erb  |4 0  |6 709_040000000000000_MIC_2007  |7 0  |8 R  |9 460882  |a BIBART  |b BIBART  |i 5057396  |o 709.04 MIC 2007  |p 5057396  |r 2025-03-13  |w 2019-11-23  |y BK_R  |z Catalogado en:20140227  |k ART